| 000 | 00605nam a2200217 a 4500 | ||
|---|---|---|---|
| 001 | 60002 | ||
| 003 | BD-RjUL | ||
| 005 | 20211209080808.0 | ||
| 008 | 161229s1931 enk 001 0 eng d | ||
| 035 | _a(BD-RjUL)60126 | ||
| 040 |
_aGSU _cGSU _dBD-RjUL |
||
| 082 |
_223 _a330.904 _bWIE 1931 |
||
| 100 | 1 |
_aWithers, Hartley, _d1867-1950. _9178519 |
|
| 245 | 1 | 0 |
_aEverybody's business / _cby Hartley Withers. |
| 260 |
_aLondon : _bJ. Cape, _c1931 |
||
| 300 |
_a443 p. ; _c21 cm. |
||
| 500 | _aIncludes index. | ||
| 650 | 0 |
_aEconomics. _9170576 |
|
| 650 | 0 |
_aEconomic history _y1918- _9178520 |
|
| 942 |
_2ddc _cBK |
||
| 999 |
_c60002 _d60002 |
||